000 00328nam a22001457a 4500
020 _a817439056-1
082 _a001
_bPAP/H
100 _aPAPARCHONTIS,KATHLEEN
245 _a100 WORLD LEADERS
250 _aFIRST
260 _aNEW DELHI
_bGEMINI BOOKS
_c2002
300 _a112
650 _aWORLD LEADERS
_zNEW DELHI
942 _cBK
999 _c6557
_d6557